LDR 00690naa#a2200169#i#450# 001 EN\\bibl\120983 005 20260604034752.4 011 ## _a2073-0454 100 ## _a20251015b2025####ek#y0engy0150####ca 102 ## _aRU 200 1# _aMeasuring instruments, measures and scales according to the legislation of the Russian Empire of the XIX — early XX centuries _eJournal article 210 1# _aMoscow _cMoscow University of the Ministry of Internal Affairs of Russia named after V.Ya. Kikot _d2025 215 ## _a7 с. 608 ## _aJournal article _2local 675 ## _aИсторические типы и системы права. 340.15 _z 700 #1 _aKovaleva _gNatal'ya Vital'evna 856 4# _amosumvd.editorum.ru _u